Statistics for South American Football Clubs

Click here to take the quiz!

General Stats

  • This quiz has been taken 74 times
  • The average score is 73 of 176

Answer Stats

Football ClubCity% Correct
ArgentinaBoca JuniorsBuenos Aires
89%
ParaguayRiver PlateAsunción
89%
ArgentinaRiver PlateBuenos Aires
89%
UruguayRiver PlateMontevideo
89%
BrazilSão PauloSão Paulo
86%
BrazilFlamengoRio de Janeiro
83%
ColombiaAtlético NacionalMedellín
81%
BrazilSantosSantos
81%
ArgentinaIndependienteAvellaneda
80%
EcuadorIndependiente del ValleSangolquí
80%
ColombiaIndependiente MedellínMedellín
80%
EcuadorEl NacionalQuito
77%
VenezuelaEstudiantes de CaracasCaracas
77%
UruguayNacionalMontevideo
77%
ParaguayNacionalAsunción
77%
BoliviaNacional PotosíPotosí
77%
ChileColo-ColoSantiago (Macul)
73%
ArgentinaRosario CentralRosario
73%
ColombiaDeportivo CaliCali
72%
VenezuelaEstudiantes de MéridaMérida
72%
BrazilGrêmioPorto Alegre
70%
ArgentinaNewell's Old BoysRosario
70%
UruguayRacingMontevideo
70%
ArgentinaRacing ClubAvellaneda
70%
ArgentinaAtlético HuracánBuenos Aires
69%
BrazilAtlético MineiroBelo Horizonte
69%
ArgentinaAtlético TucumánTucumán
69%
ArgentinaEstudiantesLa Plata
69%
BrazilFluminenseRio de Janeiro
69%
UruguayPeñarolMontevideo
69%
ColombiaAmérica de CaliCali
67%
ArgentinaBanfieldBanfield
67%
BrazilCorinthiansSão Paulo
67%
ArgentinaLanúsLanús
67%
ParaguaySan LorenzoSan Lorenzo
67%
ArgentinaSan LorenzoBuenos Aires
67%
ColombiaAtlético BucaramangaBucaramanga
66%
ColombiaAtlético HuilaNeiva
66%
BrazilBotafogoRio de Janeiro
66%
ParaguayDeportivo CapiatáCapiatá
66%
EcuadorDeportivo CuencaCuenca
66%
ColombiaDeportivo PastoPasto
66%
BrazilFortalezaFortaleza
66%
BrazilPalmeirasSão Paulo
66%
ChileUniversidad CatólicaSantiago (Las Condes)
66%
EcuadorUniversidad CatólicaQuito
66%
ChileUniversidad de ChileSantiago (Ñuñoa)
66%
BrazilChapecoenseChapecó
64%
VenezuelaDeportivo TáchiraSan Cristóbal
64%
ChileUniversidad de ConcepciónConcepción
64%
VenezuelaDeportivo AnzoáteguiPuerto La Cruz
63%
VenezuelaDeportivo La GuairaCaracas
63%
VenezuelaDeportivo LaraCabudare
63%
PeruDeportivo MunicipalLima
63%
ParaguayDeportivo SantaníSan Estanislao
63%
PeruUniversidad César VallejoTrujillo
63%
PeruUniversidad San MartínLima
63%
BrazilInternacionalPorto Alegre
59%
EcuadorBarcelonaGuayaquil
56%
ArgentinaGodoy CruzGodoy Cruz
56%
EcuadorAmérica de QuitoQuito
55%
ArgentinaArsenal de SarandíSarandí
55%
BrazilVasco da GamaRio de Janeiro
55%
ArgentinaVélez SarsfieldBuenos Aires
55%
BoliviaSport BoysWarnes
53%
PeruSport BoysCallao
53%
PeruSport HuancayoHuancayo
53%
VenezuelaCaracasCaracas
52%
ColombiaSanta FeBogotá
52%
PeruAlianza LimaLima
50%
PeruAlianza UniversidadHuánuco
50%
BrazilAthletico ParanaenseCuritiba
50%
ChileUnión La CaleraLa Calera
50%
ParaguayOlimpiaAsunción
48%
BrazilCruzeiroBelo Horizonte
47%
ColombiaMillonariosBogotá
47%
ArgentinaCentral CórdobaSantiago del Estero
45%
ChileDeportes AntofagastaAntofagasta
44%
ArgentinaGimnasiaLa Plata
44%
BrazilGoiásGoiânia
44%
ColombiaUnión MagdalenaSanta Marta
44%
UruguayCerroMontevideo
42%
UruguayCerro LargoMelo
42%
ParaguayCerro PorteñoAsunción
42%
ArgentinaTalleresCórdoba
42%
BoliviaThe StrongestLa Paz
42%
ChileUnión EspañolaSantiago (Independencia)
42%
UruguayDefensor SportingMontevideo
41%
ChileDeportes IquiqueIquique
41%
ColombiaJuniorBarranquilla
41%
PeruSporting CristalLima
41%
ArgentinaUniónSanta Fe
41%
ArgentinaArgentinos JuniorsBuenos Aires
39%
BoliviaBolívarLa Paz
39%
ColombiaDeportes TolimaIbagué
39%
BrazilBahiaSalvador
38%
UruguayLiverpoolMontevideo
38%
EcuadorEmelecGuayaquil
34%
EcuadorLDU QuitoQuito
34%
ArgentinaColónSanta Fe
33%
ChileCuricó UnidoCuricó
33%
ParaguayLibertadAsunción
33%
UruguayMontevideo WanderersMontevideo
33%
PeruUniversitarioLima
33%
ChileCoquimbo UnidoCoquimbo
31%
ArgentinaDefensa y JusticiaFlorencio Varela
31%
ColombiaEnvigadoEnvigado
31%
PeruReal GarcilasoCusco
31%
BoliviaReal PotosíPotosí
31%
BrazilCearáFortaleza
30%
ChileO'HigginsRancagua
30%
PeruAyacuchoAyacucho
28%
ColombiaCúcuta DeportivoCúcuta
28%
VenezuelaAcademia Puerto CabelloPuerto Cabello
27%
UruguayDanubioMontevideo
27%
BoliviaJorge WilstermannCochabamba
27%
PeruMelgarArequipa
27%
ParaguayGuaraníAsunción
25%
ColombiaOnce CaldasManizales
25%
ChilePalestinoSantiago (La Cisterna)
25%
ColombiaRionegro ÁguilasRionegro
25%
BrazilAvaíFlorianópolis
23%
EcuadorDelfínManta
23%
ChileHuachipatoTalcahuano
23%
BoliviaOriente PetroleroSanta Cruz
23%
UruguayPlaza ColoniaColonia
23%
ChileEvertonViña del Mar
22%
ParaguaySportivo LuqueñoLuque
22%
BoliviaAlways ReadyLa Paz
20%
ChileAudax ItalianoSantiago (La Florida)
20%
ChileCobresalEl Salvador
20%
EcuadorGuayaquil CityGuayaquil
20%
ArgentinaPatronatoParaná
20%
BoliviaBloomingSanta Cruz
19%
EcuadorAucasQuito
17%
BrazilCSAMaceió
17%
VenezuelaMetropolitanosCaracas
17%
ArgentinaAldosiviMar del Plata
14%
VenezuelaMonagasMaturín
14%
PeruBinacionalJuliaca
13%
UruguayBoston RiverMontevideo
13%
UruguayFénixMontevideo
13%
ColombiaLa EquidadBogotá
13%
EcuadorMacaráAmbato
13%
EcuadorMushuc RunaAmbato
13%
ParaguaySol de AméricaVilla Elisa
13%
VenezuelaZamoraBarinas
13%
BoliviaAuroraCochabamba
11%
VenezuelaCaraboboValencia
11%
ColombiaJaguaresMontería
11%
VenezuelaMineros de GuayanaCiudad Guayana
11%
VenezuelaPortuguesaAcarigua
11%
PeruCantolaoCallao
9%
UruguayJuventudLas Piedras
9%
EcuadorOlmedoRiobamba
9%
ColombiaPatriotasTunja
9%
EcuadorTécnico UniversitarioAmbato
9%
VenezuelaTrujillanosValera
9%
PeruUTCCajamarca
9%
VenezuelaZuliaMaracaibo
9%
ColombiaAlianza PetroleraBarrancabermeja
8%
VenezuelaAraguaMaracay
8%
PeruCarlos A. MannucciTrujillo
8%
ParaguayGeneral DíazLuque
8%
BoliviaGuabiráMontero
8%
BoliviaRoyal PariSanta Cruz
8%
BoliviaSan JoséOruro
8%
EcuadorFuerza AmarillaMachala
6%
UruguayProgresoMontevideo
6%
UruguayRampla JuniorsMontevideo
5%
PeruUnión ComercioNueva Cajamarca
5%
VenezuelaAtlético VenezuelaCaracas
3%
VenezuelaLlanerosGuanare
3%
BoliviaDestroyersSanta Cruz
2%
VenezuelaLALACiudad Guayana
2%
PeruMolinos El PirataChiclayo
2%

Score Distribution

Percentile by Number Answered

Percent of People with Each Score

Your Score History

You have not taken this quiz